| 000 | 00356nam a2200133Ia 4500 | ||
|---|---|---|---|
| 008 | 240624s9999 xx 000 0 und d | ||
| 041 | _aeng | ||
| 082 | _a658.4092 SLA | ||
| 100 | _aSLATER ROBERT | ||
| 245 | _aNO SUCH THING AS OVER EXPOSURE INSIDE TH | ||
| 260 |
_c2005 _aNew Delhi _bPearson Education |
||
| 300 | _axxiv, : 247 : p. : cm. ; 24 | ||
| 365 | _cRS | ||
| 999 |
_c4065 _d4065 |
||